000 00432cam a22001332 4500
082 _a621.381
_bBEN
_cL-11, P-7
100 1 _aBenedict, Reginald Ralph. [from old catalog]
_941514
245 0 0 _aIntroduction to industrial electronics.
260 _aNew York,
_bPrentice-Hall,
_c1951.
300 _ax, 436 p.
_billus.
_c22 cm.
526 _a0
_b0
_c0
_d621_381000000000000_BEN
650 0 _aIndustrial electronics.
_941515
942 _2ddc
_cBK
999 _c545607
_d545607